00469nam a22001577a 450000500170000001000150001702000250003203500130005703700130007008200110008310000230009424500510011726000550016827000660022330000220028920130910145518.0 aENG-108185 a9789350690109c55.00 aEN-91718 bDBAD/PUB a230.35 aMazzoleni, Mario 10aThe wish-fulfilling tree /cby Mario Mazzoleni aAndhra PradeshbSri Sathya Sai Sadhana Trustc2012 aPrasanthi Nilayam, Anantapur DistrictbAndhra Pradeshe515134 a253p. c23cm(pbk)